States with Highest Percentage of People in the Biggest Metro Area - Statistics

General Stats
  • This quiz has been taken 102 times
  • The average score is 11 of 14
Answer Stats
Percentage State % Correct
68.63 New York
96%
100 Rhode Island
93%
67.76 Arizona
89%
69.85 Hawaii
87%
68.51 Illinois
86%
72.97 Nevada
81%
52.16 Washington
81%
56.85 Georgia
80%
63.96 Massachusetts
80%
74.45 New Jersey
79%
54.31 Alaska
75%
51.33 Colorado
73%
62.29 Minnesota
73%
57.65 Delaware
69%
No matching quizzes found
Score Distribution
Percent of People with Each Score
Percentile by Number Answered
Your Score History
You have not taken this quiz